<?xml version="1.0" encoding="UTF-8"?>
<record
    xmlns:xsi="http://www.w3.org/2001/XMLSchema-instance"
    xsi:schemaLocation="http://www.loc.gov/MARC21/slim http://www.loc.gov/standards/marcxml/schema/MARC21slim.xsd"
    xmlns="http://www.loc.gov/MARC21/slim">

  <leader>01681cam a22003251  4500</leader>
  <datafield tag="999" ind1=" " ind2=" ">
    <subfield code="c">10586</subfield>
    <subfield code="d">10586</subfield>
  </datafield>
  <controlfield tag="001">3119577</controlfield>
  <controlfield tag="003">OCoLC</controlfield>
  <controlfield tag="005">20210226165016.0</controlfield>
  <controlfield tag="008">790416s1963    miu      b    001 0 eng  </controlfield>
  <datafield tag="010" ind1=" " ind2=" ">
    <subfield code="a">63017785</subfield>
  </datafield>
  <datafield tag="020" ind1=" " ind2=" ">
    <subfield code="a">0802831923</subfield>
  </datafield>
  <datafield tag="020" ind1=" " ind2=" ">
    <subfield code="a">9780802831927</subfield>
  </datafield>
  <datafield tag="035" ind1=" " ind2=" ">
    <subfield code="a">(OCoLC)3119577</subfield>
    <subfield code="z">(OCoLC)605166610</subfield>
  </datafield>
  <datafield tag="040" ind1=" " ind2=" ">
    <subfield code="a">DLC</subfield>
    <subfield code="b">eng</subfield>
    <subfield code="c">DLC</subfield>
    <subfield code="d">OCL</subfield>
    <subfield code="d">WY@</subfield>
    <subfield code="d">CVN</subfield>
    <subfield code="d">TXCAP</subfield>
    <subfield code="d">OCLCQ</subfield>
    <subfield code="d">CFT</subfield>
    <subfield code="d">SXC</subfield>
    <subfield code="d">YDXCP</subfield>
    <subfield code="d">BDX</subfield>
    <subfield code="d">MZN</subfield>
  </datafield>
  <datafield tag="050" ind1="0" ind2="0">
    <subfield code="a">BS476</subfield>
    <subfield code="b">M625I</subfield>
  </datafield>
  <datafield tag="082" ind1=" " ind2=" ">
    <subfield code="b">M625I</subfield>
  </datafield>
  <datafield tag="090" ind1=" " ind2=" ">
    <subfield code="a">BS476</subfield>
    <subfield code="b">M625I</subfield>
  </datafield>
  <datafield tag="100" ind1="1" ind2=" ">
    <subfield code="a">Mickelsen, A. Berkeley</subfield>
  </datafield>
  <datafield tag="245" ind1="1" ind2="0">
    <subfield code="a">Interpreting the Bible /</subfield>
    <subfield code="c">by A. Berkeley Mickelsen</subfield>
  </datafield>
  <datafield tag="260" ind1=" " ind2=" ">
    <subfield code="a">Grand Rapids :</subfield>
    <subfield code="b">Wm. B. Eerdmans Publishing Company,</subfield>
    <subfield code="c">c1963,</subfield>
    <subfield code="g">(1977 printing)</subfield>
  </datafield>
  <datafield tag="300" ind1=" " ind2=" ">
    <subfield code="a">xiv, 425 p. ;</subfield>
    <subfield code="c">24 cm</subfield>
  </datafield>
  <datafield tag="336" ind1=" " ind2=" ">
    <subfield code="a">text</subfield>
    <subfield code="b">txt</subfield>
    <subfield code="2">rdacontent</subfield>
  </datafield>
  <datafield tag="337" ind1=" " ind2=" ">
    <subfield code="a">unmediated</subfield>
    <subfield code="b">n</subfield>
    <subfield code="2">rdamedia</subfield>
  </datafield>
  <datafield tag="338" ind1=" " ind2=" ">
    <subfield code="a">volume</subfield>
    <subfield code="b">nc</subfield>
    <subfield code="2">rdacarrier</subfield>
  </datafield>
  <datafield tag="504" ind1=" " ind2=" ">
    <subfield code="a">Bibliography: p. 383-392</subfield>
  </datafield>
  <datafield tag="520" ind1=" " ind2=" ">
    <subfield code="a">The meaning of the Bible is involved with a multiplicity of historical events, peoples, institutions, and languages. Dr. Mickelsen shuns both the approach of proud rationalism, which would bring the Bible to account before the bar of human reason, and the approach of false pietism, which would subject the Bible to unstable feeling. Professor Mickelsen points the way to biblically acceptable principles and procedures, and urges upon interpreters a greater awareness that interpretation must always take place in the love of God and in the Spirit of Christ, of whom the Scriptures are the supreme witness</subfield>
  </datafield>
  <datafield tag="630" ind1="0" ind2="0">
    <subfield code="a">Bible</subfield>
    <subfield code="x">Hermeneutics</subfield>
  </datafield>
  <datafield tag="776" ind1="0" ind2="8">
    <subfield code="i">Online version:</subfield>
    <subfield code="a">Mickelsen, A. Berkeley.</subfield>
    <subfield code="t">Interpreting the Bible.</subfield>
    <subfield code="d">Grand Rapids, Eerdmans [c1963]</subfield>
    <subfield code="w">(OCoLC)647063958</subfield>
  </datafield>
  <datafield tag="942" ind1=" " ind2=" ">
    <subfield code="2">ddc</subfield>
    <subfield code="c">BK</subfield>
  </datafield>
  <datafield tag="952" ind1=" " ind2=" ">
    <subfield code="0">0</subfield>
    <subfield code="1">0</subfield>
    <subfield code="2">ddc</subfield>
    <subfield code="4">0</subfield>
    <subfield code="7">0</subfield>
    <subfield code="8">NFIC</subfield>
    <subfield code="a">HMC</subfield>
    <subfield code="b">HMC</subfield>
    <subfield code="c">GEN</subfield>
    <subfield code="d">2021-03-05</subfield>
    <subfield code="l">0</subfield>
    <subfield code="o">220.6 M625I</subfield>
    <subfield code="p">012303</subfield>
    <subfield code="r">2021-03-05 00:00:00</subfield>
    <subfield code="w">2021-03-05</subfield>
    <subfield code="y">BK</subfield>
  </datafield>
</record>
